MLB Former Stadiums - Statistics

General Stats
  • This quiz has been taken 73 times
  • The average score is 14 of 16
Answer Stats
Stadium Time Played Team Name % Correct
Los Angeles Coliseum 1958-1961 Los Angeles Dodgers
100%
Yankee Stadium 1923-2008 New York Yankees
100%
Shea Stadium 1964-2008 New York Mets
96%
Astrodome 1965-1999 Houston Astros
95%
Turner Field 1997-2016 Atlanta Braves
93%
Cleveland Municipal Stadium 1932-1993 Cleveland Indians
93%
Polo Grounds 1891-1957 New York Giants
93%
Hubert M. Humphrey Metrodome 1982-2009 Minnesota Twins
91%
Mile High Stadium 1993-1994 Colorado Rockies
89%
Kingdome 1977-1999 Seattle Mariners
89%
RFK Stadium 2005-2007 Washington Nationals
89%
Riverfront Stadium 1970-2002 Cincinnati Reds
88%
Globe Life Field 1994-2019 Texas Rangers
86%
Veterans Stadium 1971-2003 Philadelphia Phillies
84%
Sun Life Stadium 1993-2011 Florida Marlins
80%
Olympic Stadium 1977-2004 Montreal Expos
77%
No matching quizzes found
Score Distribution
Percent of People with Each Score
Percentile by Number Answered
Your Score History
You have not taken this quiz